Exiles / (Record no. 188420)

MARC details
000 -LEADER
campo de control de longitud fija 00796nam a2200241 i 4500
001 - NÚMERO DE CONTROL
campo de control 188420
003 - IDENTIFICADOR DE NÚMERO DE CONTROL
campo de control ES-MaACL
005 - FECHA Y HORA DE LA ÚLTIMA TRANSACCIÓN
campo de control 20240125063200.0
008 - DATOS DE LONGITUD FIJA--INFORMACIÓN GENERAL
campo de control de longitud fija 180920s2002 xxu |||| | eng d
020 ## - NÚMERO INTERNACIONAL ESTÁNDAR DEL LIBRO
Número Internacional Estándar del Libro 0-486-42460-X
080 ## - NÚMERO DE LA CLASIFICACIÓN DECIMAL UNIVERSAL
Número de la Clasificación Decimal Universal 821.111(415)-23"19"
100 1# - ENTRADA PRINCIPAL--NOMBRE DE PERSONA
Nombre de persona Joyce, James,
Fechas asociadas al nombre 1882-1941
9 (RLIN) 67077
245 10 - MENCIÓN DEL TÍTULO
Título Exiles /
Mención de responsabilidad, etc. James Joyce.
260 ## - PUBLICACIÓN, DISTRIBUCIÓN, ETC.
Lugar de publicación, distribución, etc. Mineola, New York :
Nombre del editor, distribuidor, etc. Dover Publications,
Fecha de publicación, distribución, etc. [2002]
300 ## - DESCRIPCIÓN FÍSICA
Extensión 73 p. ;
Dimensiones 21 cm.
490 1# - MENCIÓN DE SERIE
Mención de serie Dover thrift editions
830 0# - PUNTO DE ACCESO ADICIONAL DE SERIE-TÍTULO UNIFORME
Título uniforme Dover thrift editions
9 (RLIN) 193045
852 ## - LOCALIZACIÓN
Ubicación ES-MaACL
Número de control de estantería A-14250
itemnumber 195550
Sublocalización o colección R.151803
Ubicación en estantería Depósito 1
Signatura antigua Olim: N-7250
Donativo/Legado Donación: Embajada de Irlanda
914 ## - NOMBRE ENTIDAD DE DONANTE
RLIN 234032
Nombre de congreso/reunión o jurisdicción como elemento de entrada Embajada de Irlanda en España
Unidad subordinada Donante
942 ## - ELEMENTOS DE ENTRADA SECUNDARIOS (KOHA)
Fuente del sistema de clasificación o colocación Clasificación decimal universal
Tipo de ítem Koha Libro impreso
Holdings
Estatus retirado Estado de pérdida Fuente del sistema de clasificación o colocación Estado de daño No para préstamo Biblioteca de origen Biblioteca actual Ubicación en estantería Fecha de adquisición Fuente de adquisición Total de préstamos Signatura topográfica completa Código de barras Visto por última vez Precio de reemplazo Tipo de ítem Koha
    Clasificación decimal universal     Biblioteca del Ateneo de Madrid Biblioteca del Ateneo de Madrid Depósito 1 20/09/2018 Donación   A-14250 1199319 23/02/2023 23/02/2023 Libro impreso